| 000 | 00276nam a22001337a 4500 | ||
|---|---|---|---|
| 999 |
_c32290 _d32290 |
||
| 003 | Nust | ||
| 005 | 20170210114705.0 | ||
| 008 | 170210b xxu||||| |||| 00| 0 eng d | ||
| 020 | _a 0-07-099210X | ||
| 040 | _cc | ||
| 082 | _a621.75 | ||
| 100 | _aAnderson, James | ||
| 245 |
_aSHOP THEORY / _cJames,Anderson and Earl E Tatro |
||
| 250 | _a6th ed. | ||
| 260 |
_aNew Delhi : _bTata McGraw-Hill, _c2009. |
||
| 300 |
_a568 p. ; _c24 cm. |
||
| 500 | _aPaperback. | ||
| 942 |
_cBK _2ddc |
||